LEADER 00794nam a2200241 i 4500 001 991000333009707536 008 120308s1991 it 001 0 ita 035 $ab12601135-39ule_inst 040 $aDip. SSC$bita 082 04$a709.04 100 1 $aEco, Umberto$0318813 245 10$aOpera aperta /$cUmberto Eco 260 $aMilano :$bV. Bompiani,$c1991 300 $a309 p. ;$c18 cm 440 0$aTascabili Bompiani.$pSaggi ;$v11 650 4$aArte$ySec. 20. 650 4$aLetteratura$ySec. 20. 907 $a.b12601135$b04-04-12$c12-02-04 912 $a991000333009707536 945 $aLE021 DI2D69$g1$i2021000205538$lle021$o-$pE0.00$q-$rl$s- $t0$u2$v0$w2$x0$y.i13081962$z12-02-04 996 $aOpera aperta$9131189 997 $aUNISALENTO 998 $ale021$b08-03-12$cm$da $e-$fita$git $h0$i1 LEADER 01735nas 2200613- 450 001 9910139675003321 005 20241204162636.0 011 $a1471-0676 035 $a(OCoLC)45130790 035 $a(CKB)958480273033 035 $a(CONSER)--2004239047 035 $a(DE-599)ZDB2023123-4 035 $a(EXLCZ)99958480273033 100 $a20001006b19572014 --- - 101 0 $aeng 135 $aurmn||||||||| 181 $ctxt$2rdacontent 181 $csti$2rdacontent 182 $cc$2rdamedia 183 $acr$2rdacarrier 200 00$aPlatinum metals review 210 1$aLondon :$cJohnson, Matthey & Co.,$d[1957-2014] 210 31$aLondon :$cJohnson Matthey Public Limited Company 215 $a1 online resource 300 $aRefereed/Peer-reviewed 311 08$a0032-1400 517 1 $aPlatinum today publications 531 $aPLATIN MET REV 531 $aPLATINUM MET. REV 531 $aPLATIN. MET. REV 606 $aPlatinum group$vPeriodicals 606 $aPlatinum$vPeriodicals 606 $aPlatine$xMétallurgie 606 $aPlatinum group$2fast$3(OCoLC)fst01066851 606 $aPlatinum$2fast$3(OCoLC)fst01066831 606 $aPlatinmetalle$2gnd 606 $aZeitschrift$2gnd 606 $aKatalyse$2gtt 606 $aPlatina$2gtt 608 $aPeriodicals.$2fast 608 $aPeriodicals.$2lcgft 615 0$aPlatinum group 615 0$aPlatinum 615 6$aPlatine$xMétallurgie. 615 7$aPlatinum group 615 7$aPlatinum. 615 7$aPlatinmetalle. 615 7$aZeitschrift. 615 17$aKatalyse. 615 17$aPlatina. 906 $aJOURNAL 912 $a9910139675003321 996 $aPlatinum metals review$92249392 997 $aUNINA